000 00997cac a2200313 i 4500
003 EG-GICUC
005 20260304092457.0
008 760417s1976 mnu fr 001 0 eng d
040 _aDLC
_cDLC
_dDLC
_dEG-GICUC
_beng
_erda
043 _an-us---
050 0 0 _aKF9728.Z9
_bK7
082 0 0 _a343.7674
_221
092 0 4 _221
099 _aLaw 10 1976
100 1 _aKrantz, Sheldon,
_d1938-
245 1 4 _aThe law of corrections and prisoners' rights in a nutshell /
_cby Sheldon Krantz.
264 _aSt. Paul, Minn. :
_bWest Pub. Co.,
_c1976.
300 _axxx, 353 page ;
_c19 cm.
336 _atext
_btxt
_2rdacontent
337 _aunmediated
_bn
_2rdamedia
338 _avolume
_bnc
_2rdacarrier
490 0 _aWest nutshell series
500 _aIncludes index.
650 0 _aCorrectional law
_zUnited States.
650 0 _aPrisoners
_xLegal status, laws, etc.
_zUnited States.
856 4 0 _uhttps://fll.law.cu.edu.eg/fulltext/bks/ENGB10-00148.pdf
905 _a10
942 _2ddc
_cBK
_e21
_n0
999 _c52528
_d52528